Errate das Team an Ehemaligen Spielern - Statistiken

Allgemein
  • Dieses Quiz wurde 368 mal gespielt
    83 seit der letzten Aktualisierung
  • Das Durchschnittsergebnis liegt bei 9 aus 11
Antwortstatistiken
Hint Antwort % Korrekt
Marcos Alonso - Higuain - Giroud - Cech - Ballack Chelsea
96%
Nils Petersen - Xabi Alonso - Pepe Reina - Benatia - Thiago Bayern
93%
Petersen - Papadoupulus - Marin - Özil - Wiese Werder Bremen
87%
Xabi Alonso - Balotelli - Sterling - Mingolet - Coutinho Liverpool
86%
Meffert - Sam - Schürrle - Carvajal - Volland Leverkusen
84%
Ödegard - Chicarito - Llorente - Essien - Ronaldo (R9) Real Madrid
84%
Matuidi - Aurier - Okocha - Kehrer - Cavani PSG
82%
Prince Boateng - Perisic - Kagawa - Lewandowski BVB
79%
Pandev - Arnautovic - Sniyder - Alex Telles - Adriano Inter Mailand
75%
Valencia - Depay - Evra - Nani - Alexis Sanchez Man U
70%
Jorginho - Ospina - Younes - Milik - Higuain Napoli
61%
Keine übereinstimmenden Quizze gefunden
Verteilung der Resultate
Anzahl Personen mit jedem Resultat
Perzentil nach korrekt beantworteten Fragen
Ihre Resultats-Entwicklung
Sie haben dieses Quiz seit der letzten Aktualisierung nicht gespielt